000 00734nam a22002297a 4500
005 20170124105933.0
010 _aB-220571
020 _c00.00
_a8189239228
035 _aB-220571
037 _bCen Lib/Ret
040 _aDPL
_bEN
082 _a371.334457
_bVER
100 _aVerma, Mahesh
_98865
245 _aOnline teaching :
_cby Mahesh verma
_btools and methods /
260 _aNew Delhi
_bMurari Lal and Sons
_c2006
270 _a4378/4B, Ansari Road, Darya Ganj
_bNew Delhi
_e110002
300 _av,286p
_c21cm(Hb)
500 _aIncludes bibliographic references and index
650 _aComputer-assisted instruction
_98866
650 _aInternet in education
_98867
942 _2ddc
_cEN
_h371.334457
_mVER
999 _c124003
_d124003